00323nam a22001457a 450000500170000002000180001704100120003508200160004710000140006324500500007725000070012726000240013430000080015836500110016620260619090324.0 a9788198810588 aEnglish aT16 R25 PAN aPandian R aDindigullil Nila Varuvai Nirvaagam, 1790-1818 a01 aChennaibNCBHc2025 a124 b120.00